| 000 | 00603nam a22002057a 4500 | ||
|---|---|---|---|
| 003 | BD-DhJNU | ||
| 005 | 20250108053448.0 | ||
| 008 | 250108b |||||||| |||| 00| 0 eng d | ||
| 020 | _a9789351431077 | ||
| 040 |
_aBD-DhJNU _bENG _cBD-DhJNU _dBD-DhJNU |
||
| 082 |
_223 _a349.54 JAO |
||
| 100 | _aJain, M. P. | ||
| 245 |
_aOutlines of Indian legal & constitutional history / _cM. P. Jain...[et al.]. |
||
| 250 | _a7th ed. | ||
| 260 |
_aIndia : _bLexis Nexis, _c2014. |
||
| 300 |
_axlix, 827p. : _bill. ; _c24 cm. |
||
| 504 | _aIncludes index | ||
| 650 | _aConstitutional History | ||
| 942 |
_2ddc _cBK _n0 |
||
| 999 |
_c1065 _d1065 |
||